Miešanie partikulárnych látok. Kand.diz.práca /
Guardado en:
| Autor principal: | |
|---|---|
| Formato: | Manuscrito Libro |
| Lenguaje: | eslovaco |
| Publicado: |
Bratislava :
SVŠT v Bratislave SjF,
1991
|
| Etiquetas: |
Sin Etiquetas, Sea el primero en etiquetar este registro!
|
MARC
| LEADER | 00000ntm a22000003a 4500 | ||
|---|---|---|---|
| 001 | stu32020 | ||
| 005 | 20150617225733.1 | ||
| 008 | 950223s1991----xo------------------slo-d | ||
| 040 | |a STU |b slo | ||
| 041 | 0 | |a slo | |
| 044 | |a xo | ||
| 080 | |a 66.063.8 | ||
| 100 | 1 | |a Peciar, Marián, |d 1957- |4 aut |u J180 |U SjF Ústav chemických a hydraulických strojov a zariadení |T SjF Katedra chemických strojov v zariadení |X 2359 |U J180 |Y 43 |7 A000002359 | |
| 245 | 1 | |a Miešanie partikulárnych látok. Kand.diz.práca / |c [aut.] Peciar,Marián | |
| 260 | |a Bratislava : |b SVŠT v Bratislave SjF, |c 1991 | ||
| 300 | |a 127 s | ||
| 996 | |b J88243 |c J*88243 |l JJSK |s A |a 24 |w stu32020_0001 | ||